000
00402nam a22001697a 4500
003
MPLRDC
005
20220104124356.0
008
210129b ||||| |||| 00| 0 eng d
082
_a
854.6 CY-6
100
_a
曹禺
245
_a
明朗的天
_c
250
_a
一版一刷
260
_a
_b
四川人民出版社
_c
1984
300
_b
平
650
_a
剧本--话剧剧本
942
_c
BK
_o
854.6 CY-6
999
_c
18829
_d
18819